000 00394nam a2200157Ia 4500
008 240729s9999 xx 000 0 und d
022 _a2283-3137
245 0 _aClinical Management Issues
260 _aItaly
260 _bSEEd
650 _a Medicine (General)
650 _aMedicine
856 _uhttps://doaj.org/toc/e76d29b0bf2744588b9c64ea2eb63aa8
942 _2ddc
942 _cDOAJEJ
999 _c66605
_d66605
945 _a1
_bMadushi Gamage
_c1
_dMadushi Gamage